Statistics for Hybrid Countries

Click here to take the quiz!

General Stats

  • This quiz has been taken 20 times
  • The average score is 21 of 38

Answer Stats

SequenceHybrid(Pair)% Correct
LESLesotho
93%
NICANicaragua
93%
URUUruguay
93%
DENDenmark
87%
GERGermany
87%
NAMNamibia
87%
ELEl Salvador
73%
GUAGuatemala
73%
GUANicaragua
73%
PANPanama
73%
DENSweden
73%
NAMVietnam
73%
ITItaly
67%
PANJapan
67%
QQatar
67%
RORomania
67%
NICADominica
60%
HOHonduras
60%
MARMyanmar
60%
GERNiger
60%
SAUSaudi Arabia
60%
EREritrea
53%
LULuxembourg
53%
SAUGuinea Bissau
47%
KAKazakhstan
47%
MEMexico
47%
ERNiger
47%
MARMarshall Islands
40%
QIraq
33%
URUNauru
33%
LESSeychelles
33%
ELIsrael
27%
LUTuvalu
27%
ITKuwait
20%
MESuriname
20%
HOLesotho
13%
ROMontenegro
13%
KASri Lanka
0%

Score Distribution

Percentile by Number Answered

Percent of People with Each Score

Your Score History

You have not taken this quiz